Statistics for Name a Settlement (No Capitals)

Click here to take the quiz!

General Stats

  • This quiz has been taken 11 times
  • The average score is 84 of 214

Answer Stats

HintSettlement% Correct
FijiLautoka, Nadi, Labasa, Ba, Levuka
100%
VenezuelaMaracaibo, Maracay, Valencia, Barquisimeto, Ciudad Guayana, Maturin, Barcelona, Ciudad Bolivar, Cumana
100%
AustraliaSydney, Melbourne, Brisbane, Perth, Adelaide, Gold Coast, Newcastle, Wollongong, Logan City
100%
EgyptAlexandria, Giza, Port Said, Suez, Al Mahallah al Kubra, Luxor, Asyut, Al Mansurah, Tanta
86%
BelgiumAntwerp, Liege, Ghent, Charleroi, Schaerbeek, Bruges, Anderlecht, Namur, Leuven
86%
SpainBarcelona, Valencia, Seville, Bilbao, Malaga, Oviedo-Gijon-Aviles, Alicante-Elche, Las Palmas, Zaragoza
86%
BelizeBelize City, San Ignacio, San Pedro, Orange Walk, Dangriga, Corozal, Benque Viejo el Carmen, Ladyville, Punta Gorda
86%
Sierra LeoneBo, Kenema, Koidu, Makeni, Waterloo, Lunsar, Port Loko, Goderich, Kabala
86%
South KoreaBusan, Incheon, Daegu, Daujeon, Gwangju, Suwon, Ulsan, Changwon, Seongnam
86%
ColombiaCali, Medellin, Barranquilla, Cartagena, Cucuta, Bucaramanga, Pereira, Santa Marta, Ibague,
86%
South AfricaDurban, Johannesburg, Soweto, Port Elizabeth, Pietermaritzburg, Benoni, Tembisa, East London
86%
SwedenGothenburg, Malmo, Uppsala, Vasteras, Orebro, Linkoping, Helsingborg, Jonkoping, Norrkoping
86%
AustriaGraz, Linz, Favoriten, Donaustadt, Floridsdorf, Salzburg, Innsbruck, Ottakring, Simmering
86%
GermanyHamburg, Munich, Cologne, Frankfurt, Stuttgart, Dusseldorf, Dortmund, Essen, Leipzig
86%
VietnamHo Chi Minh City, Da Nang, Haiphong, Bien Hoa, Can Tho, Thuan An, Di An, Hue, Vung Tau
86%
AfghanistanKandahar, Mazar-e Sharif, Herat, Jalalabad, Kunduz, Balkh, Ghazni, Baghlan, Gardez
86%
United KingdomManchester, Birmingham, Glasgow, Liverpool, Bristol, Sheffield, Leeds, Edinburgh, Leicester
86%
FranceMarseille, Lyon, Toulouse, Nice, Nantes, Montpellier, Strasbourg, Bordeaux, Lille
86%
New CaledoniaMont-Dore, Dumbea, Paita, We, Tadine, Poindimie, Bourail, Kone, Houailou
86%
IndiaMumbai, Delhi, Bengaluru, Hyderabad, Ahmedabad, Chennai, Kolkata, Surat, Pune, Kanpur
86%
United States of AmericaNew York City, Los Angeles, Chicago, Houston, Phoenix, Philadelphia, San Antonio, San Diego, Dallas, San Jose
86%
MontenegroNiksic, Pljevlja, Bijelo Polje, Cetinje, Bar, Herceg Novi, Berane, Budva, Ulcinj
86%
BrazilSao Paulo, Rio De Janeiro, Salvador, Fortaleza, Belo Horizonte, Curitiba, Manaus, Recife, Belem
86%
ChinaShanghai, Shenzhen, Guangzhou, Chengdu, Tianjin, Wuhan, Dongguan, Xi'an, Nanjing
86%
CanadaToronto, Montreal, Calgary, Edmonton, Mississauga, Winnipeg, Vancouver, Brampton, Quebec City
86%
SwitzerlandZurich, Geneva, Basel, Lausanne, Lucerne, St. Gallen, Lugano, Fribourg, Thun
86%
DenmarkAarhus, Odense, Aalborg, Frederiksberg, Esbjerg, Horsens, Randers, Kolding, Vejle
71%
Ivory CoastAbidjan, Abobo, Bouake, Daloa, San-Pedro, Korhogo, Man, Divo, Gagnoa
71%
KazakhstanAlmaty, Shymkent, Karaganda, Taraz, Aktobe, Pavlodar, Oskemen, Semey, Oral
71%
New ZealandAuckland, Christchurch, Manukau City, North Shore, Hamilton, Dunedin, Tauranga, Lower Hutt, Hastings
71%
BurundiBujumbura, Muyinga, Ruyigi, Ngozi, Rutana, Bururi, Makamba, Kayanza, Muramvya
71%
MoroccoCasablanca, Fes, Sale, Marrakesh, Agadir, Tangier, Meknes, Oujda-Angad, Al Hoceima
71%
BangladeshChittagong, Khulna, Rajshahi, Comilla, Shibganj, Natore, Rangpur, Tungi, Narsingdi
71%
ArgentinaCordoba, Rosario, Mendoza, San Miguel de Tucuman, La Plata, Mar del Plata, Salta, Santa Fe, San Juan
71%
IrelandCork, Limerick, Galway, Waterford, Drogheda, Swords, Dundalk, Bray, Navan
71%
United Arab EmiratesDubai, Sharjah, Ajman City, Ras Al Khaimah City, Musaffah, Al Fujairah City, Khalifah A City, Reef Al Fujairah City, Bani Yas City
71%
EcuadorGuayaquil, Cuenca, Santo Domingo de los Colorados, Machala, Manta, Portoviejo, Eloy Alfaro, Esmeraldas, Ambato
71%
SomaliaHargeysa, Berbera, Kismayo, Marka, Jamaame, Baidoa, Burao, Bosaso, Beled Hawo
71%
TurkiyeIstanbul, Izmir, Bursa, Antalya, Konya, Adana, Sanliurfa, Gaziantep, Kocaeli
71%
MexicoIztapalapa, Ecatepec de Morelos, Guadalajara, Puebla, Ciudad Juarez, Tijuana,
Leon de los Aldama, Gustavo Adolfo Madero, Zapopan
71%
Saudi ArabiaJeddah, Mecca, Medina, Al-Ahsa, Ta'if, Dammam, Buraidah, Khobar, Tabuk
71%
UkraineKharkiv, Odessa, Dnipro, Donetsk, Zaporizhzhya, Lviv, Kryvyi Rih, Mykolaiv, Mariupol
71%
Democratic Republic of the CongoLubumbashi, Mbuji-Mayi, Kisangani, Masina, Kananga, Likasi, Kolwezi, Tshikapa, Beni
71%
ItalyMilan, Naples, Turin, Palermo, Genoa, Bologna, Florence, Catania, Bari
71%
CzechiaOstrava, Brno, Plzen, Liberec, Olomouc, Usti nad Labem, Ceske Budejovice, Hradec Kralove, Pardubice
71%
PortugalPorto, Vila Nova De Gaia, Braga, Amadora, Almada, Coimbra, Setubal, Funchal, Agualva-Cacem
71%
IsraelTel Aviv-Yafo, Haifa, Rishon LeZion, Petah Tikva, Ashdod, Netanya, Beersheba, Holon, Bnei Brak
71%
GreeceThessaloniki, Patras, Piraeus, Larisa, Peristeri, Heraklion, Kallithea, Acharnes, Kalamaria
71%
JapanYokohama, Osaka, Nagoya, Sapporo, Kobe, Kyoto, Fukuoka, Kawasaki, Saitama
71%
SyriaAleppo, Homs, Hamah, Latakia, Deir ez-Zor, Ar Raqqah, Al Bab, Idlib, Duma
57%
Bosnia & HerzegovinaBanja Luka, Tuzla, Zenica, Bijeljina, Mostar, Prijedor, Brcko, Doboj, Cazin
57%
LibyaBenghazi, Misratah, Tarhuna, Al Khums, Az Zawiyah, Zawiya, Ajdabiya, Al Ajaylat, Sabha
57%
NorwayBergen, Trondheim, Stavanger, Kristiansand, Fredrikstad, Tromso, Drammen, Skien, Tonsberg
57%
MaltaBirkirkara, Qormi, Mosta, Zabbar, San Pawl il-Bahar, Saint John, Fgura, Zejtun, Sliema, Haz-Zebbug
57%
AlgeriaBoumerdas, Oran, Tebessa, Constantine, Biskra, Setif, Batna, Bab Ezzouar, Annaba
57%
TanzaniaDar es Salaam, Mwanza, Zanzibar, Arusha, Mbeya, Morogoro, Tanga, Kigoma, Moshi
57%
CameroonDouala, Garoua, Kousseri, Bamenda, Maroua, Bafoussam, Mokolo, Ngaoundere, Bertoua
57%
AlbaniaDurres, Vlore, Elbasan, Shkoder, Kamez, Fier, Korce, Berat, Lushnje
57%
FinlandEspoo, Tampere, Vantaa, Oulu, Turku, Jyvaskyla, Kuopio, Lahti, Pori
57%
BelarusHomyel, Mahilyow, Vitsyebsk, Hrodna, Grodno, Brest, Babruysk, Baranavichy, Barysaw, Pinsk
57%
PakistanKarachi, Lahore, Faisalabad, Rawalpindi, Multan, Hyderabad, Gujranwala, Peshawar, Rahim Yar Khan, Quetta
57%
Saint Vincent & the GrenadinesKingstown Park, Georgetown, Byera, Biabou, Barrouallie
57%
NigeriaLagos, Kano, Ibadan, Port Harcourt, Benin City, Kaduna, Maiduguri, Zaria, Aba
57%
CyprusLimassol, Larnaca, Strovolos, Famagusta, Paphos, Kyrenia, Pergamos, Protaras, Morfou
57%
Costa RicaLimon, San Francisco, Alajuela, Liberia, Paraiso, Puntarenas, San Isidro, Curridabat, San Vicente
57%
The BahamasLucaya, Freeport, West End, Cooper's Town, San Andros, George Town, Marsh Harbour, High Rock, Andros Town
57%
UzbekistanNamangan, Samarkand, Andijon, Qo'qon, Bukhara, Nukus, Qarshi, Chirchiq, Fergana
57%
SudanOmdurman, Nyala, Port Sudan, Kassala, El Obeid, Al Qadarif, Kosti, Wad Medani, El Daein
57%
BulgariaPlovdiv, Varna, Burgas, Ruse, Stara Zagora, Pleven, Sliven, Dobrich, Shumen
57%
NetherlandsRotterdam, Utrecht, Eindhoven, Groningen, Breda, Tilburg, Nijmegen, Almere
57%
Northern Mariana IslandsSan Jose
57%
CubaSantiago de Cuba, Camaguey, Holguin, Guantanamo, Santa Clara, Diez de Octubre, Arroyo Naranjo, Las Tunas, Bayamo
57%
CroatiaSplit, Rijeka, Osijek, Zadar, Slavonski Brod, Pula, Sesvete, Karlovac, Varazdin
57%
IndonesiaSurabaya, Medan, Bandung, Bekasi, Palembang, Tangerang, Makassar, South Tangerang, Semarang
57%
EstoniaTartu, Narva, Kohtla-Jaerve, Paernu, Viljandi, Rakvere, Sillamaee, Maardu, Kuressaare
57%
YemenAl Hudaydah, Taiz, Aden, Mukalla, Ibb, Dhamar, 'Amran, Sayyan, Zabid
43%
Djibouti'Ali Sabieh, Tadjourah, Obock, Dikhil, Arta, Holhol, Goubetto, Dorra, Galafi
43%
PeruArequipa, Callao, Trujillo, Chiclayo, Iquitos, Huancayo, Piura, Chimbote, Cusco
43%
IraqBasrah, Al Mawsil al Jadidah, Al Basrah al Qadimah, Mosul, Erbil, Abu Ghurayb, As Sulaymaniyah, Kirkuk, Najaf
43%
GeorgiaBatumi, Rustavi, Sukhumi, Zugdidi, Gori, Poti, Tskhinvali, Samtredia
43%
MalawiBlantyre, Mzuzu, Zomba, Kasungu, Mangochi, Karonga, Salima, Nkhotakota, Liwonde
43%
Burkina FasoBobo-Dioulasso, Koudougou, Ouahigouya, Banfora Dedougou, Kaya, Dori, Tenkodogo, Reo
43%
BeninCotonou, Abomey-Calavi, Djougou, Parakou, Bohicon, Kandi, Save, Lokossa, Ouidah
43%
LatviaDaugavpils, Liepaja, Jelgava, Jurmala, Ventspils, Rezekne, Jekabpils, Valmiera, Ogre
43%
HungaryDebrecen, Szeged, Miskolc, Pecs, Gyor, Nyiregyhaza, Kecskemet, Zuglo, Szekesfehervar
43%
Sri LankaDehiwala-Mount Lavinia, Moratuwa, Negombo, Kandy, Kalmunai, Vavuniya, Galle, Trincomalee
43%
EthiopiaDire Dawa, Mek'ele, Nazret, Bahir Dar, Gondar, Dese, Hawassa, Jimma, Bishoftu
43%
Equatorial Guinea
Bata, Ebebiyin, Aconibe, Anisoc, Luba, Evinayong, Mongomo, Mikomeseng, Rebola
43%
BotswanaFrancistown, Molepolole, Selebi-Phikwe, Maun, Serowe, Kanye, Mogoditshane, Mahalapye, Mochudi
43%
LithuaniaKaunas, Klaipeda, Siauliai, Panevezys, Alytus, Marijampole, Mazeikiai, Jonava, Utena
43%
SlovakiaKosice, Presov, Nitra, Zilina, Banska Bystrica, Trnava, Trencin, Poprad, Martin
43%
MalaysiaKota Bharu, Klang, Kampung Baru Subang, Johor Bahru, Subang Jaya, Ipoh, Kuching, Petaling Jaya, Shah Alam
43%
Hong KongKowloon, Tsuen Wan, Yuen Long Kau Hui, Tung Chung, Sha Tin, Tuen Mun, Tai Po, Sai Kung, Yung Shue Wan
43%
GhanaKumasi, Tamale, Takoradi, Atsiaman, Tema, Teshi Old Town, Cape Coast, Sekondi-Takoradi, Obuase
43%
AndorraLes Escaldes, Encamp, Sant Julia de Loria, La Massana, Canillo, Ordino, Pas de la Casa, Arinsal, El Tarter
43%
PolandLodz, Krakow, Wroclaw, Poznan, Gdansk, Szczecin, Bydgoszcz, Lublin, Katowice
43%
SloveniaMaribor, Celje, Kranj, Velenje, Koper, Novo Mesto, Ptuj, Trbovlje, Kamnik
43%
IranMashdad, Isfahan, Karaj, Tabriz, Shiraz, Qom, Ahvaz, Pasragad Branch, Kahriz
43%
Cabo VerdeMindelo, Santa Maria, Cova Figueira, Santa Cruz, Pedra Badejo, Sao Filipe, Assomada, Tarrafal, Espargos
43%
KenyaMombasa, Ruiru, Kikuyu, Nakuru, Eldoret, Kisumu, Thika, Limuru, Malindi
43%
MonacoMonte-Carlo, La Condamine, Fontvieille, Saint-Roman, Moneghetti
43%
SerbiaNovi Sad, Nis, Kragujevac, Kraljevo, Cacak, Zrenjanin-Pancevo, Smederevo, Subotica, Novi Pazar
43%
KyrgyzstanOsh, Jalal-Abad, Karakol, Tokmok, Kara-Balta, Naryn, Uzgen, Balykchy, Talas
43%
ChilePuente Alto, Antofagasta, Vina del Mar, Talcahuano, San Bernardo, Temuco, Iquique, Concepcion
43%
PhilippinesQuezon City, Caloocan City, Davao, Cebu City, General Santos, Taguig, Pasig City, Las Pinas, Antipolo
43%
BahrainRiffa, Muharraq, Hamad Town, A'ali, Isa Town, Sitra, Budaiya, Jidhafs, Al-Malikiyah
43%
RussiaSaint Petersburg, Novosibirsk, Yekaterinburg, Kazan, Nizhny Novgorod, Chelyabinsk, Samara, Omsk, Rostov-on-Don
43%
ThailandSamut Prakan, Mueang Nonthaburi, Udon Thani, Chon Buri, Nakhon Ratchasima, Chiang Mai, Hat Yai, Pak Kret, Si Racha
43%
PanamaSan Miguelito, Juan Diaz, David, Arraijan, Colon, Las Cumbres, La Chorrera, Pedregal, Tocumen
43%
HondurasSan Pedro Sula, Choloma, La Ceiba, El Progreso, Ciudad Choluteca, Comayagua, Puerto Cortez, La Lima, Danli
43%
BoliviaSanta Cruz de la Sierra, Cochabamba, Oruro, Sacaba, Quillacollo, Tarija, Potosi, Montero, Viacha
43%
Dominican RepublicSantiago de los Caballeros, Santo Domingo Oeste, Santo Domingo Este, San Pedro de Macoris, La Romana, Bella Vista, San Cristobal, Puerto Plata, San Francisco de Macori
43%
TunisiaSfax, Sousse, Kairouan, Bizerte, Gabes, Ariana, Hammamet, Kasserine, Gafsa
43%
TogoSokode, Kara, Atakpame, Kpalime, Bassar, Tsevie, Aneho, Sansanne-Mango, Dapaong
43%
CambodiaTakeo, Sihanoukville, Battambang, Siem Reap, Paoy Paet, Kampong Chhnang, Kampong Cham, Pursat, Ta Khmau
43%
MoldovaTiraspol, Balti, Bender, Ribnita, Cahul, Ungheni, Soroca, Orhei, Dubasari
43%
LebanonTripoli, Sidon, Tyre, Nabatiye et Tahta, Habbouch, Djounie, Zahle, Baalbek, En Naquora
43%
TurkmenistanTurkmenabat, Dasoguz, Mary, Balkanabat, Bayramaly, Turkmenbasy, Tejen, Abadan, Yoloeten
43%
MyanmarYangon, Mandalay, Mawlamyine, Kyain Seikgyi Township, Bago, Pathein, Monywa, Sittwe, Meiktila
43%
North MacedoniaBitola, Kumanovo, Prilep, Tetovo, Veles, Stip, Ohrid, Gostivar, Strumica
29%
ZimbabweBulawayo, Chitungwiza, Mutare, Gweru, Epworth, Kwekwe, Kadoma, Masvingo, Chinhoyi
29%
RomaniaConstanta, Cluj-Napoca, Timisoara, Iasi, Brasov, Craiova, Ploiesti, Galati, Oradea
29%
PalestineEast Jerusalem, Gaza, Khan Yunis, Jabalya, Hebron, Nablus, Rafah, Dayr al Balah, Bayt Lahya, Battir
29%
LuxembourgEsch-sur-Alzette, Dudelange, Schifflange, Bettembourg, Petange, Ettelbruck, Merl, Diekirch, Strassen
29%
AzerbaijanGanja, Sumqayit, Lankaran, Mingachevir, Nakhchivan, Shirvan, Seki, Yevlakh, Khankendi
29%
GrenadaGouyave, Grenville, Victoria, Saint David's, Sauteurs, Hillsborough
29%
South Georgia & the South Sandwich IslandsGrytviken
29%
ArmeniaGyumri, Vanadzor, Vagharshapat, Hrazdan, Abovyan, Kapan, Ararat, Armavir, Stepanavan
29%
North KoreaHamhung, Namp'o, Sunch'on, Hungnam, Kaesong, Wonsan, Chongjin, Sariwon, Sinuiju
29%
TaiwanKaohsiung, Taichung, Tainan, Banqiao, Hsinchu, Taoyuan City, Keelung, Hualien City, Yuanlin
29%
EritreaKeren, Massawa, Assab, Mendefera, Barentu, Adi Keyh, Edd, Dek'emhare, Ak'ordat
29%
ZambiaKitwe, Ndola, Kabwe, Chingola, Mufulira, Luanshya, Livingstone, Kasama, Chipata
29%
IcelandKopavogur, Hafnarfjoerdur, Akureyri, Gardabaer, Mosfellsbaer, Akranes, Selfoss, Seltjarnarnes, Vestmannaeyjar
29%
PalauKoror, Koror Town
29%
SurinameLelydorp, Brokopondo, Nieuw Nickerie, Meerzorg, Moengo, Nieuw Amsterdam, Marienburg, Wageningen, Albina
29%
MozambiqueMatola, Beira, Nampula, Chimoio, Nacala, Quelimane, Tete, Xai-Xai, Maxixe
29%
AngolaN'dalatando, Huambo, Lobito, Benguela, Cuito, Lubango, Malanje, Mocamedes, Soio
29%
MauritaniaNouadhibou, Nema, Kaedi, Rosso, Kiffa, Zouerate, Atar, Tekane, Selibaby
29%
LaosPakse, Thakhek, Savannakhet, Luang Prabang, Xam Nua, Muang Phonsavan, Muang Xay, Vangviang, Pakxan
29%
SenegalPikine, Touba, Thies, Thies Nones, Saint-Louis, Kaolack, Ziguinchor, Tiebo, Tambacounda
29%
Republic of the CongoPointe-Noire, Dolisie, Kayes, Owando, Ouesso, Loandjili, Madingou, Gamboma, Impfondo
29%
KosovoPrizren, Mitrovice, Gjakove, Peje, Ferizaj, Suva Reka, Glogovac, Gjilan
29%
UruguaySalto, Paysandu, Las Piedras, Rivera, Maldonado, Tacuarembo, Melo, Mercedes, Artigas
29%
LiechtensteinSchaan, Triesen, Balzers, Eschen, Mauren, Triesenberg, Ruggell, Gamprin, Schellenberg
29%
MaliSegou, Sikasso, Mopti, Koutiala, Gao, Kayes, Markala, Kolokani, Kati
29%
San MarinoSerravalle, Borgo Maggiore, Domagnano, Fiorentino, Acquaviva, Faetano
29%
JordanZarqa, Irbid, Russeifa, Al-Quwaysimah, Wadi as-Ser, Tila al-Ali, Khuraybat as-Suq, Aqaba, as-Salt
29%
KuwaitAl Ahmadi, Hawalli, Al Farwaniyah, Al Fahahil, Ar Riqqah, Al Manqaf, Al Jahra, Al Fintas, Janub as Surrah
14%
NauruArijejen, Denigomodu, Menen
14%
Central African RepublicBimbo, Mbaiki, Berberati, Kaga Bandoro, Bozoum, Carnot, Sibut, Bambari, Bria
14%
Falklands IslandsBurnside House, Darwin, Goose Green, Port Howard
14%
HaitiCarrefour, Delmas, Petionville, Port-de-Paix, Croix-des-Bouquets, Jacmel, Okap, Leogane, Les Cayes
14%
MongoliaErdenet, Darhan, Khovd, Olgii, Ulaangom, Hovd, Moron, Bayanhongor, Arvayheer
14%
Saint Kitts & NevisFig Tree, Market Shop, Saint Paul's, Middle Island, Nicola Town, Trinity, Charlestown
14%
Faroe IslandsKlaksvik, Hoyvik, Argir, Vagur, Fuglafjorður, Vestmanna, Tvoroyri, Sorvagur, Kollafjorður
14%
Papua New GuineaLae, Arawa, Mount Hagen, Popondetta, Madang, Kokopo, Mendi, Kimbe, Goroka
14%
NicaraguaLeon, Masaya, Chinandega, Matagalpa, Esteli, Granada, Jinotega, El Viejo, Nueva Guinea
14%
GuadeloupeLes Abymes, Baie-Mahault, Le Gosier, Petit-Bourg, Sainte-Anne, Le Moule, Sainte-Rose, Capesterre-Belle-Eau, Pointe-a-Pitre, Lamentin
14%
ChadMoundou, Sarh, Abeche, Kelo, Koumra, Pala, Am-Timan, Bongor, Mongo
14%
JamaicaNew Kingston, Spanish Town, Portmore, Montego Bay, Mandeville, May Pen, Old Harbour, Linstead, Half Way Tree
14%
BhutanPhuntsholing, Punakha, Samdrup Jongkhar, Geylegphug, Paro, Trashigang, Wangdue Phodrang, Daga Dzong, Trongsa
14%
NepalPokhara, Lalitpur, Birgunj, Biratnagar, Bharatpur, Janakpur, Hetauda, Nepalgunj, Itahari
14%
DominicaPortsmouth, Marigot, Berekua, Mahaut, Saint Joseph, Wesley, Soufriere, Salisbury, Castle Bruce
14%
NamibiaRundu, Walvis Bay, Oshakati, Swakopmund, Katima Mulilo, Grootfontein, Rehoboth, Katutura, Otjiwarongo
14%
The GambiaSerekunda, Brikama, Bakau, Farafenni, Lamin, Sukuta, Basse Santa Su, Gunjur, Soma
14%
GreenlandSisimiut, Ilulissat, Qaqortoq, Aasiaat, Maniitsoq, Tasiilaq, Paamiut, Narsaq, Nanortalik
14%
El SalvadorSoyapango, Santa Ana, San Miguel, Mejicanos, Santa Tecla, Apopa, Delgado, Sonsonate, San Marcos
14%
BarbadosSpeightstown, Oistins, Bathsheba, Holetown
14%
Vatican CityThe Vatican
14%
SingaporeWoodlands, Marine Parade
14%
NigerZinder, Maradi, Agadez, Alaghsas, Tahoua, Dosso, Birni N Konni, Tessaoua, Gaya
14%
TuvaluAlapi, Fakaifou
0%
Antigua & BarbudaAll Saints, Piggotts, Liberta, Bolands, Potters, Codrington
0%
SeychellesAnse Boileau, Bel Ombre, Beau Vallon, Cascade, Anse Royale, Takamaka, Port Glaud
0%
QatarAr Rayyan, Umm Salal Muhammad, Al Wakrah, Al Khawr, Ash Shihaniyah, Dukhan, Musay`id, Madinat ash Shamal, Al Wukayr
0%
SamoaAsau, Mulifanua, Faleula, Siusega, Malie, Fasito`outa, Vaiusu, Afega, Nofoali`i
0%
Guinea-BissauBafata, Gabu, Bissora, Bolama, Cacheu, Catio, Bubaque, Mansoa, Buba
0%
Puerto RicoBayamon, Carolina, Ponce, Caguas, Guaynabo, Mayagueez, Trujillo Alto, Arecibo, Fajardo
0%
MauritiusBeau Bassin-Rose Hill, Vacoas, Curepipe, Quatre Bornes, Triolet, Goodlands, Centre de Flacq, Bel Air Riviere Seche, Mahebourg
0%
KiribatiBetio, Bikenibeu, Teaoraereke, Bairiki, Eita, Bonriki, Temaiku, Tabwakea, Makin
0%
Saint LuciaBisee, Vieux Fort, Micoud, Soufriere, Dennery, Gros Islet, Praslin, Canaries, Anse La Raye
0%
GuineaCamayenne, Nzerekore, Kindia, Kankan, Gueckedou, Coyah, Labe, Kissidougou, Fria
0%
Trinidad & TobagoChaguanas, Mon Repos, San Fernando, Rio Claro, Arima, Marabella, Laventille, Point Fortin, Tunapuna
0%
ParaguayCiudad del Este, San Lorenzo, Capiata, Lambare, Fernando de la Mora, Limpio, Nemby, Pedro Juan Caballero, Encarnacion
0%
Western SaharaDakhla, Laayoune Plage
0%
GuamDededo, Yigo, Tamuning-Tumon-Harmon, Tamuning, Mangilao, Barrigada, Santa Rita, Mongmong-Toto-Maite, Chalan Pago-Ordot
0%
Marshall IslandsEbaye, Arno, Jabor
0%
French PolynesiaFaaa, Punaauia, Pirae, Mahina, Paea, Papao, Arue, Afaahiti, Vaitape
0%
The MaldivesFuvahmulah, Hithadhoo, Kulhudhuffushi, Thinadhoo, Naifaru, Hulhumale, Dhidhdhoo, Maafushi, Viligili
0%
LiberiaGbarnga, Kakata, Bensonville, Harper, Voinjama, Buchanan, Zwedru, New Yekepa, Greenville
0%
RwandaGisenyi, Butare, Gitarama, Musanze, Byumba, Cyangugu, Kibuye, Rwamagana, Kibungo
0%
UgandaGulu, Lira, Mbarara, Jinja, Bwizibwera, Mbale, Mukono, Kasese, Masaka
0%
TajikistanKhujand, Kulob, Bokhtar, Istaravshan, Konibodom, Qayroqqum, Vahdat, Isfara, Tursunzoda
0%
MayotteKoungou, Dzaoudzi
0%
BruneiKuala, Belait, Seria, Tutong, Kapok, Bangar, Mentiri
0%
TongaLapaha, Neiafu, Haveluloto, Tatakamotonga, Vaini, Pangai, `Ohonua, Kolonga
0%
MartiniqueLe Lamentin, Le Robert, Sainte-Marie, Le Francois, Ducos, Saint-Joseph, La Trinite, Riviere-Pilote, Le Gros-Morne
0%
GuyanaLinden, New Amsterdam, Anna Regina, Bartica, Skeldon, Rosignol, Mahaica, Mahdia, Parika
0%
VanuatuLuganville, Norsup, Port-Olry, Isangel, Sola
0%
LesothoMafeteng, Leribe, Maputsoe, Mohale's Hoek, Qacha's Nek, Quthing, Butha-Buthe, Nako, Mokhotlong
0%
Solomon IslandsMalango, Auki, Gizo, Buala, Tulagi, Kirakira
0%
East TimorMaliana, Suai, Likisa, Aileu, Lospalos, Maubara, Baukau, Venilale, Ainaro
0%
EswatiniManzini, Big Bend, Malkerns, Nhlangano, Mhlume, Hluti, Siteki, Piggs Peak
0%
French GuianaMatoury, Saint-Laurent-du-Maroni, Kourou, Remire-Montjoly, Macouria, Mana, Apatou, Grand-Santi, Sinnamary
0%
GuatemalaMixco, Villa Nueva, Petapa, San Juan Sacatepequez, Quetzaltenango, Villa Canales, Escuintla, Chinautla, Chimaltenango
0%
ComorosMoutsamoudou, Fomboni, Domoni, Tsimbeo, Adda-Doueni, Sima, Ouani, Mirontsi, Koni-Djodjo
0%
GabonPort-Gentil, Franceville, Oyem, Moanda, Mouila, Lambarene, Tchibanga, Koulamoutou, Makokou
0%
ReunionSaint-Paul, Saint-Pierre, Le Tampon, Saint-Andre, Saint-Louis, Le Port, Saint-Benoit, Saint-Joseph, Sainte-Marie
0%
Sao Tome & PrincipeSanto Antonio
0%
OmanSeeb, Salalah, Bawshar, Sohar, As Suwayq, `Ibri, Saham, Barka', Rustaq
0%
American SamoaTafuna, Leone, Faleniu, Aua, Mapusagafou, Fagatogo, Vaitogi, Malaeimi, Vailoatai
0%
MadagascarToamasina, Antsirabe, Fianarantsoa, Mahajanga, Toliara, Antsiranana, Antanifotsy, Ambovombe, Ambilobe
0%
MicronesiaWeno, Tofol, Colonia, Kolonia, Koliana Town
0%
South SudanWinejok, Yei, Malakal, Wau, Kuacjok, Pajok, Gogrial, Yambio, Aweil
0%

Score Distribution

Percentile by Number Answered

Percent of People with Each Score

Your Score History

You have not taken this quiz